Word Scramble - Mountain Ranges - Statistics

General Stats
  • This quiz has been taken 47 times
  • The average score is 8 of 11
Answer Stats
Scramble Answer % Correct
danes andes
100%
slap alps
94%
layamhisa himalayas
88%
espreeny pyrenees
88%
laurs urals
81%
krocsei rockies
75%
hialcpapana appalachian
69%
raries adevan sierra nevada
69%
lomdoties dolomites
63%
utsohner pals southern alps
56%
kkraomara karakoram
25%
No matching quizzes found
Score Distribution
Percent of People with Each Score
Percentile by Number Answered
Your Score History
You have not taken this quiz